02503nam a2200301uu 4500001000800000005001700008007001000025008004100035035001200076040001300088041000800101080000800109100004400117245011400161260004300275300001700318500009100335520148200426650002801908650001901936650004901955650001802004650006302022700004902085700004702134502001202181526000802193129373720260215201831.0cr|||||||120817e20120817 spa  a1293737 ccomduadb aspa aEFP10aArboleda Muñoz, Elda Enoris4auteaut10aImpactos de las NIC/NIIF relacionadas con activos fijos en la estructura financiera de una empresa industrial aMedellín :b[sin publicador],c2012. a63 páginas aLocalización: Centro de Documentación CENDOI, 20 -146. Clasificación: EFP 07756.3 aEl presente trabajo hace un acercamiento y análisis al efecto que produce la implementación de las NIIF y NIC para Colombia en una empresa industrial desde el enfoque de los indicadores financieros y centrando el análisis en las normas sobre activos fijos. Para cumplir con el objetivo se seleccionó una empresa del sector industrial en la cual la participación de los activos fijos en su posición patrimonial fuera significativamente alta en el periodo de transición, así los registros contables que se tuvieron que realizar para ajustar la contabilidad existente bajo Normas Colombianas a las NIIF tendrían un gran efecto en los indicadores financieros y permitirían detectar y analizar realmente lo que implica la implementación. Como resultado del análisis debemos concluir que la implementación de las NIIF relacionadas con activos fijos en Colombia debe traer consigo un cambio en las metodologías que vienen utilizando las empresas para realizar sus registros contables, en los conceptos, en la interpretación , pero sobre todo un cambio en la mentalidad en muchos casos para hacer frente a los cambios, sobre todo en los periodos de transición, ya que los análisis se deben hacer teniendo en cuenta los impactos que la mera implementación implica para cada empresa, sector o situación específica, ya que las cifras por sí solas van a mostrar resultados desfavorables para las compañías con las características analizadas. aIndicadores financieros aFinanciación aNormas internacionales de contabilidad (NIC) 0aActivos fijos 7aNormas Internacionales de Información Financiera2armarc10aRendón Rendón, Carmen Patricia4auteaut10aÁlvarez Osorio, Martha Cecilia4thseths b189c17 a191